Normale Ansicht MARC-Ansicht ISBD

Zum Baden nach Müllrose - Regionalbahn völlig überfüllt. (Titelsatznr. 371709)

[ MARC ]
MARC-Details
000 -Satzkennung
Kontrollfeld mit fester Länge 00761nam a22001937a 4500
008 - Feld mit fester Länge zur physischen Beschreibung - Allgemeine Angaben
Kontrollfeld mit fester Länge 201127b ||||| |||| 00| 0 eng d
040 ## - Katalogisierungsquelle
Original-Katalogisierungsstelle DE-2950
Katalogisierungssprache ger
Übertragungsstelle DE-2950
Beschreibungsfestlegungen rda
041 ## - Sprachcode
Sprachcode des Textes/der Tonspur oder des separaten Titels ger
245 ## - Titel
Haupttitel Zum Baden nach Müllrose - Regionalbahn völlig überfüllt.
Titelzusatz Sperrung des Helenesee: Chaotische Zustände herrschen am Wochenende in den Zügen der RB 36. Viele Fahrgäste müssen draußen bleiben/
Verantwortlichkeitsangabe Frank Groneberg
264 ## - Veröffentlichungsangabe, Vertriebsangabe, Herstellungsangabe
Erscheinungs-, Vertriebs-, Herstellungsdatum 2022
653 ## - Lokales Schlagwort
Nicht-normierter Term Frankfurt (O)
653 ## - Lokales Schlagwort
Nicht-normierter Term Müllrose
653 ## - Lokales Schlagwort
Nicht-normierter Term Baden
773 ## - Übergeordnete Einheit
Ort, Verlag und Erscheinungsjahr Frankfurt (Oder) Märkisches Verlags- und Druckhaus GmbH & Co KG
Titel Märkische Oderzeitung
Verknüpfungsangaben 33. Jahrgang (2022) Nr. 146 vom 25./26.06.2022, S. 20
942 ## - Zusätzliche Felder (Koha)
Koha-Medientyp Aufsätze
Exemplare
Ausgeschieden Verloren Beschädigt Nicht entleihbar Permanenter Standort Aktueller Standort Aufstellungsort Eingabedatum Anzahl Ausleihen Signatur Letzte Aktivität Preis gültig von Medientyp
        Stadtarchiv Frankfurt (Oder) | Archivbibliothek Stadtarchiv Frankfurt (Oder) | Archivbibliothek Magazin 27/06/2022   Z2 27/06/2022 27/06/2022 Aufsätze